000 00330nam a2200133Ia 4500
008 230725s1988 xx 000 0 und d
041 _aeng
082 _a615.119/GUP
100 _aGupta S, R.
245 _aHand Book of Medicin
_bPHARMACOLOGY AND TOXICOLOGY
260 _bS.CHAND
_c1988
300 _a744
500 _aTEXT BOOK
999 _c757792
_d757792